Largest Islands of the US - Statistics

General Stats
  • This quiz has been taken 9 times
  • The average score is 11 of 41
Answer Stats
Area (square miles) State, Territory, or Protectorate Island % Correct
4028 Hawaii Hawaii
100%
1401 New York Long
100%
727 Hawaii Maui
100%
597 Hawaii Oahu
89%
552 Hawaii Kauai
78%
3588 Alaska Kodiak
78%
3513 Puerto Rico Puerto Rico
78%
209 Guam Guam
67%
260 Hawaii Molokai
67%
206 Michigan Isle Royale
56%
1051 Alaska Unalaska
44%
209 Texas Padre
33%
280 Alaska Adak
22%
346 Alaska Attu
22%
2577 Alaska Prince of Wales
22%
169 Washington Whidbey
22%
410 Alaska Atka
11%
1570 Alaska Baranof
11%
253 Alaska Dall
11%
336 Alaska Etolin
11%
169 Alaska Kosciusko
11%
168 Alaska Kruzof
11%
305 Alaska Montague
11%
1145 Alaska Revillagigedo
11%
177 Alaska Unga
11%
1684 Alaska Admirality
0%
698 Alaska Afognak
0%
176 Alaska Amlia
0%
2080 Alaska Chichagof
0%
170 Alaska Hinchinbrook
0%
758 Alaska Kuiu
0%
1086 Alaska Kupreanof
0%
211 Alaska Mitkof
0%
843 Alaska Nelson
0%
1625 Alaska Nunivak
0%
1983 Alaska Saint Lawrence
0%
204 Alaska Tanaga
0%
692 Alaska Umnak
0%
1590 Alaska Unimak
0%
216 Alaska Wrangell
0%
184 Alaska Zarembo
0%
No matching quizzes found
Score Distribution
Percent of People with Each Score
Percentile by Number Answered
Your Score History
You have not taken this quiz